000
00320nam a22001337a 4500
008
180124b xxu||||| |||| 00| 0 eng d
020
_a
9780874367775
041
_a
eng
080
_a
R 34
100
_a
39
101
_a
JUR
245
_a
Law and Politics a cross-cultural Encyclopedia
_c
Strouthes,D.P
942
_2
udc
_c
BK
999
_c
40857
_d
40857